Paraphrastica elucidatio in librum D. Job, adiectis annotationibus in loca difficiliora / authore F. Francisco Titelmanno Hassellensi Ord. Fratrum Minorum Psal. XXXIII Multae tribulationes iustorum, et de omnibus his liberabit eos dominus

Detalles Bibliográficos
Autor principal: Tittelmans, Frans, O. F. M. Cap., 1502-1537
Formato: Libro
Lenguaje:Latin
Publicado: Antuerpiae : in aedibus Joan. Steelsii, 1547.
Materias:
Colección:Banco de datos
Acervo:Fondo Bibliográfico Antiguo del Archivo Municipal de Orizaba
Descripción Física:[20] h., 176 h. : il. ; 8°
Tema general:Biblia
Notas:Portada con empresa tipográfica del impresor en grabado xilográfico. Texto a renglón seguido con paginación en números arábigos y apostillas marginales. Incluye ilustración en grabado xiográfico. Incluye letras capitulares con motivos florales y antropomorfos en grabado xilográfico. Encuadernación en pergamino sobre cartón. Marca de fuego: Convento de San José de la Orden de San Francisco de Orizaba, Veracruz. Anotaciones manuscritas a lo largo de la obra. Sello en tinta del Archivo Municipal de Orizaba, Veracruz. Daños de polilla y en la encuadernación, hojas y cubierta desprendidas
LEADER 01286nam a22001690004500
035 |a 134 
041 0 |a lat 
100 1 |a Tittelmans, Frans, O. F. M. Cap., 1502-1537 
245 1 0 |a Paraphrastica elucidatio in librum D. Job, adiectis annotationibus in loca difficiliora / authore F. Francisco Titelmanno Hassellensi Ord. Fratrum Minorum Psal. XXXIII Multae tribulationes iustorum, et de omnibus his liberabit eos dominus  
260 |a Antuerpiae : in aedibus Joan. Steelsii, 1547. 
300 |a [20] h., 176 h. : il. ; 8° 
500 |a Portada con empresa tipográfica del impresor en grabado xilográfico. Texto a renglón seguido con paginación en números arábigos y apostillas marginales. Incluye ilustración en grabado xiográfico. Incluye letras capitulares con motivos florales y antropomorfos en grabado xilográfico. Encuadernación en pergamino sobre cartón. Marca de fuego: Convento de San José de la Orden de San Francisco de Orizaba, Veracruz. Anotaciones manuscritas a lo largo de la obra. Sello en tinta del Archivo Municipal de Orizaba, Veracruz. Daños de polilla y en la encuadernación, hojas y cubierta desprendidas 
650 1 0 |a Biblia 
949 |a 11 
942 |c ORIZABA 
943 |g Fondo Bibliográfico Antiguo del Archivo Municipal de Orizaba 
999 |c 1102084  |d 1102084